000
00198nam a22000857a 4500
008
161219b xxu||||| |||| 00| 0 eng d
100
_9
2119
_a
Karla ,V
245
_a
Pragya
260
_a
New Delhi
_b
Arya
_c
1999
999
_c
5002
_d
5002